| 000 | 00806nam a22002297a 4500 | ||
|---|---|---|---|
| 003 | OSt | ||
| 005 | 20240509192332.0 | ||
| 008 | 210315b ||||| |||| 00| 0 spa d | ||
| 020 | _a9789945896466 | ||
| 040 |
_aDO-SdBNP _bspa _cBNPHU |
||
| 082 | 4 |
_a306.81 _bC117d _222 |
|
| 100 | 1 | 0 |
_aCabral, Euri _91097 |
| 245 | 1 | 0 |
_aEn defensa de los matrimonios : _bfortaleciendo nuestras relaciones y evitando el camino del divorcio / _cEuri Cabral y Zinayda Rodrìguez |
| 260 |
_aSanto Domingo : _bIanna, _c2020 |
||
| 300 |
_a370 p. : _bil., fots. ; _c24 cm |
||
| 590 | _aInventariado, 2021 / DG | ||
| 650 | 0 |
_aMatrimonio _9797 |
|
| 650 | 4 |
_aMatrimonio _xAspectos religiosos _92391 |
|
| 700 |
_aRodrìguez, Zinayda _976164 |
||
| 910 | _aInventariado, 2021 / DG/Validado. Control de calidad MFF | ||
| 942 |
_2ddc _cLBS1 |
||
| 999 |
_c49558 _d49558 |
||